000 006060000a22001810004500
090 _aAR
_b03676
245 1 0 _aPérdida de la diversidad genética, de especies y de ecosistemas es uno de los mayores peligros para el futuro de la humanidad
500 _a<Colección Recursos Genéticos>
650 1 4 _aBiodiversidad
_992204
650 1 4 _aEstrategias de conservación
_992602
650 1 4 _aDestrucción del hábitat
_997422
650 1 4 _aBiogenética
_997423
651 4 _pEspaña
_992749
041 0 _aEspañol
100 1 _aSantamarta, José
_997424
942 _cARTICULO
773 1 _tPreprint
_q1-5
_d2000
999 _c12725
_d12725